Christmas Facts #1 - Statistics

General Stats
  • This quiz has been taken 882 times
  • The average score is 6 of 9
Answer Stats
Hint Answer % Correct
The most famous Christmas ballet The Nutcracker
95%
Grinch's color Green
92%
Ebenezer _______ Scrooge
89%
Reindeer that starts with B Blitzen
86%
Where Mommy was kissing Santa Claus Under the Mistletoe
75%
Frosty the Snowman's nose Button
63%
What children should leave out for Santa Claus Cookies and Milk
52%
What Alvin the Chipmunk wants for Christmas Hula Hoop
34%
Wrote "Here Comes Santa Claus" Gene Autry
11%
No matching quizzes found
Score Distribution
Percent of People with Each Score
Percentile by Number Answered
Your Score History
You have not taken this quiz